La antigua Roma

Kaydedildi:
Detaylı Bibliyografya
Yazar: Martin, Jean-Pierre (autor)
Materyal Türü: Kitap
Dil:İspanyolca
Baskı/Yayın Bilgisi: Madrid Edaf 1975
Seri Bilgileri:Nueva Historia del Mundo, 2
Konular:
Etiketler: Etiketle
Etiket eklenmemiş, İlk siz ekleyin!

MARC

LEADER 00000nam a2200000 a 4500
001 UCP9394
003 CL-VaPUC
008 000324e19750000SP |||||||||||||||||spa|d
082 0 4 |a 937  |b MAR  |2 21 
100 |a Martin, Jean-Pierre  |e autor  |9 439931 
245 1 3 |a La antigua Roma 
300 |a 387 p 
942 |c BK 
945 |d 20000324 00:00:00  |a rherrera 
260 |a Madrid  |b Edaf  |c 1975 
650 0 |a Historia antigua  |9 267521 
650 0 |a Civilización etrusca  |9 439393 
650 0 |a Etruscos  |9 267523 
650 0 |a Monarquía   |9 255259 
650 0 |a República romana  |9 433651 
650 0 |a Imperio Romano  |9 322785 
651 7 |a CONSTANTINOPLA  |2 CL-VaPUC  |9 342299 
651 0 |a Roma   |9 255106 
583 |a last modification  |c 20130926 04:22:35  |k Rodrigo Vera 
490 0 |a Nueva Historia del Mundo, 2 
999 |c 286209  |d 286207 
952 |0 0  |1 0  |4 0  |6 937_000000000000000_MAR_1975  |7 0  |8 A  |9 331710  |a BIBHIS  |b BIBHIS  |d 2019-11-20  |i 1389378  |o 937 MAR 1975  |p 1389378  |r 2025-01-20  |w 2019-11-20  |y BK  |k HIS 
952 |0 0  |1 0  |4 0  |6 937_000000000000000_MAR_1975  |7 0  |8 A  |9 331711  |a BIBHIS  |b BIBHIS  |d 2019-11-20  |i 1389386  |o 937 MAR 1975  |p 1389386  |r 2025-01-20  |w 2019-11-20  |y BK  |k HIS